02036cam a2200337 i 45000010009000000050017000090080041000260100017000670200018000840200018001020200015001200350020001350400028001550420008001830500022001910600011002130820018002241000041002422450375002832500019006582600064006773000044007415040051007855050704008366500023015406500021015636500021015846500032016056500030016377000031016671652587820160208181744.0101027s2012 maua b 001 0 eng  a 2010046080 a9780763783785 a9781449628758 a0763783781 a(DNLM)101545835 aDNLM/DLCcLCCerdadLCC apcc00aRC1210b.P45 201210aQT 26100a617.1/0272221 aPfeiffer, Ronald P.,d1951-eauthor.10aConcepts of athletic training /cRon P. Pfeiffer, EdD, LAT, ATC, Co-Director, Center for Orthopaedic and Biomechanics Research (COBR), Professor and Chair, Department of Kinesiology, Boise State University, Brent C. Mangus, EdD, AT RET., Professor, Department of Health and Human Performance, Dean, College of Education and Human Services, Texas A&M University-Commerce. aSixth edition. aSudbury, Mass. :bJones & Bartlett Learning,c2011, ©2012. axv, 372 pages :billustrations ;c28 cm aIncludes bibliographical references and index.0 aThe concept of sports injury -- The athletic health care team -- The law of sports injury -- Sports-injury prevention -- The psychology of injury -- Nutritional considerations -- Emergency plan and initial injury evaluation -- The injury process -- Injuries to the head, neck, and face -- Injuries to the thoracic through coccygeal spine -- Injuries to the shoulder region -- Injuries to the arm, wrist, and hand -- Injuries to the thorax and abdomen -- Injuries to the hip and pelvis -- Injuries to the thigh, leg, and knee -- Injuries to the lower leg, ankle, and foot -- Skin conditions in sports -- Thermal injuries -- Other medical concerns -- The adolescent athlete : special medical concerns. 0aAthletic trainers. 0aSports injuries. 0aSports medicine.12aAthletic Injuriesxtherapy.22aSports Medicinexmethods.1 aMangus, Brent C.,eauthor.